Lý Thế Khanh Truyện thơ Nôm Tày

Guardat en:
Dades bibliogràfiques
Autor principal: Triều Ân
Format: Llibre
Idioma:Vietnamese
Publicat: H. Lao động 2011
Col·lecció:ĐTTS ghi: Hội văn nghệ dân gian Việt Nam
Etiquetes: Afegir etiqueta
Sense etiquetes, Sigues el primer a etiquetar aquest registre!
Thư viện lưu trữ: Mạng thư viện Đại học Đà Nẵng
LEADER 00692nam a2200253 4500
001 000016144
003 12536
005 20120719150734.0
008 120719s2011 viesd
041 0 |a vie 
082 |a 398.209597  |b TR- 
100 0 |a Triều Ân 
245 0 |a Lý Thế Khanh  |b Truyện thơ Nôm Tày  |c Triều Ân; Hoàng Quyết 
260 |a H.  |b Lao động  |c 2011 
300 |a 211 tr.  |c 21 cm. 
490 |a ĐTTS ghi: Hội văn nghệ dân gian Việt Nam 
OWN |a LSP 
999 |a From the UDN01 
TYP |a Monograph 
TYP |a Printed language 
980 |a Mạng thư viện Đại học Đà Nẵng